| 000 | 00517nam a22001937a 4500 | ||
|---|---|---|---|
| 005 | 20240802094401.0 | ||
| 008 | 240802b |||||||| |||| 00| 0 eng d | ||
| 020 | _a0-00-470372-3 | ||
| 082 |
_a330.03 _bPAS-C |
||
| 100 | _aChristopher, Pass.Dr. | ||
| 245 |
_aCollins Dictionary of Economics/ _cDr.Christopher Pass |
||
| 250 | _a2nd ed. | ||
| 260 |
_aUK; _bHarper Collins Publishers; _c1995 |
||
| 300 |
_a569 p.: _c19.5 cm. |
||
| 650 | _aSocial Sciences | ||
| 700 | _aDr.Bryan Lowes | ||
| 999 |
_c36258 _d36258 |
||